Boletín de las leyes i decretos del gobierno: 1810-1814
Guardat en:
| Autor principal: | |
|---|---|
| Autor corporatiu: | |
| Format: | Llibre |
| Idioma: | espanyol |
| Publicat: |
Santiago
Nacional
1898
|
| Matèries: | |
| Etiquetes: |
Afegir etiqueta
Sense etiquetes, Sigues el primer a etiquetar aquest registre!
|
MARC
| LEADER | 00000nam a2200000 a 4500 | ||
|---|---|---|---|
| 001 | UCR1442 | ||
| 003 | CL-VaPUC | ||
| 008 | 971219e18980000CL |||||||||||||||||spa|d | ||
| 082 | 0 | 4 | |a 348.022 |b CER |2 21 |
| 100 | 0 | |a Cerda, Mateo Enrique |e author |9 398530 | |
| 110 | 2 | |a Ministerio de Justicia e Instrucción Pública |e author |9 398531 | |
| 245 | 1 | 0 | |a Boletín de las leyes i decretos del gobierno: 1810-1814 |
| 300 | |a 396 p | ||
| 942 | |c BK | ||
| 945 | |d 19971219 00:00:00 |a lriquelm | ||
| 260 | |a Santiago |b Nacional |c 1898 | ||
| 650 | 7 | |a DERECHO CHILENO SIGLO 19 |2 CL-VaPUC |9 398532 | |
| 650 | 0 | |a Leyes |9 256670 | |
| 650 | 0 | |a Fuentes del derecho |9 255162 | |
| 651 | 7 | |a CHILE |2 CL-VaPUC |9 398533 | |
| 583 | |a last modification |c 20160829 09:41:48 |k Rodrigo Vera | ||
| 999 | |c 264844 |d 264842 | ||
| 952 | |0 0 |1 0 |2 ddc |4 0 |5 1 |6 348_022000000000000_CER_1898 |7 1 |8 C_LRYV |9 295372 |a FDOBRV |b BIBDER |d 2019-11-20 |i 1917897 |o 348.022 CER 1898 |p 1917897 |r 2023-01-25 |w 2019-11-20 |y BK_X |k BRV | ||
| 952 | |0 0 |1 0 |4 0 |6 348_022000000000000_CER_1898 |7 0 |8 DER_HDC |9 295373 |a BIBDER |b BIBDER |d 2019-11-20 |i 1926586 |l 1 |o 348.022 CER 1898 |p 1926586 |r 2023-01-25 |s 2020-03-19 |w 2019-11-20 |x Ubicación 4to Piso |y BK_X |z Estos recursos deben solicitarse con anticipación |k DER | ||
| 952 | |0 0 |1 0 |4 0 |6 348_022000000000000_CER_1898 |7 0 |8 X |9 295374 |a BIBHIS |b BIBHIS |d 2019-11-20 |i 1387715 |o 348.022 CER 1898 |p 1387715 |r 2024-01-30 |w 2019-11-20 |y BK_X |k HIS | ||